Accumulation and exportation of nutrients by yellow Passion fruit cv. IAC 275 (Registro n. 338886)
[ somente texto ]
| 000 -LÍDER | |
|---|---|
| fixed length control field | 03831nab a2200349 i 4500 |
| 003 - CÓDIGO MARC DA AGÊNCIA CATALOGADORA | |
| Campo de controle | BR-BrBNA |
| 005 - DATA E HORA DA ÚLTIMA ATUALIZAÇÃO | |
| Campo de controle | 20251030154925.0 |
| 008 - CAMPO DE TAMANHO FIXO | |
| fixed length control field | 251030b2018 bl.|r|pooa||| 00| 0 eng | |
| 040 ## - FONTE DA CATALOGAÇÃO | |
| Agência catalogadora | BR-BrBNA |
| Idioma da catalogação | eng |
| 072 ## - CATEGORIA AGRIS | |
| Código AGRIS | F61 |
| Código do objeto | 1123 |
| 072 ## - CATEGORIA AGRIS | |
| Código AGRIS | F01 |
| 100 ## - ENTRADA PRINCIPAL - NOME PESSOAL | |
| Nome pessoal | Mattar, Gabriel Stefanini |
| 100 ## - ENTRADA PRINCIPAL - NOME PESSOAL | |
| Nome pessoal | Moraes, Carolina Cinto de |
| 100 ## - ENTRADA PRINCIPAL - NOME PESSOAL | |
| Nome pessoal | Meletti, Laura Maria Molina |
| 100 ## - ENTRADA PRINCIPAL - NOME PESSOAL | |
| Nome pessoal | Purquerio, Luis Felipe Villani |
| 245 ## - TÍTULO PRINCIPAL | |
| Título principal | Accumulation and exportation of nutrients by yellow Passion fruit cv. IAC 275 |
| 500 ## - NOTA GERAL | |
| Nota geral | <br/>Publicação online; 35 ref.; 4 illus.; Summaries (En, Pt) |
| 942 ## - ADDED ENTRY ELEMENTS (KOHA) | |
| Koha item type | Analítica |
| 520 ## - NOTA DE RESUMO | |
| Nota de conteúdo | <br/><br/><br/>Abstract – The mineral nutrition is essential to increase yield and fruit quality of passion fruit. There is no information of nutrient accumulation throughout the production cycle. Thus, in order to assist in the correct nutrients supply and update the recommendations, studies involving cultivars and cultivation techniques are necessary. The aim of this study was to evaluate the plant growth, the nutrient accumulation and the exportation in plants of yellow passion fruit cv. IAC 275. The experimental design was a randomized block, with three replications, where the treatments were evaluation times. Stem length, dry mass matter and nutrient accumulation in aerial part (leaves and stems), fruits and roots were evaluated. The maximum daily accumulation rate and periods of maximum nutritional requirement were calculated, in addition to the nutrient extraction and exportation. The nutrient accumulation at the end of the cycle, at 450 days after sowing, were in g plant-1: N (178.5) > K (162.4) > Ca (70.8) > Mg (14.8) > S (13.3) > P (11.0) and mg plant-1: Fe (827.6) > Mn (130.7) > Zn (69.8) > B (56.7) > Cu (17.8).<br/><br/><br/><br/>Index terms: Passiflora edulis, advanced seedling, annual cultivation, mineral nutrition, phenology, sustainability. |
| 520 ## - NOTA DE RESUMO | |
| Nota de conteúdo | <br/><br/><br/>Resumo – A nutrição mineral é essencial para elevar a produtividade e a qualidade dos frutos do maracujazeiro. Não há informações sobre o acúmulo de nutrientes ao longo do ciclo de produção para as cultivares disponíveis no mercado. Assim, para poder auxiliar no fornecimento correto de nutrientes e na atualização das recomendações existentes, estudos abrangendo cultivares e técnicas de cultivo são necessários. O objetivo deste trabalho foi avaliar o crescimento, o acúmulo e a exportação de nutrientes em plantas de maracujá-amarelo cv. IAC 275. O delineamento experimental foi de blocos ao acaso, com três repetições, em que os tratamentos foram as épocas de avaliação. Avaliaram-se o comprimento da haste, a massa seca e o acúmulo de nutrientes na parte aérea (folhas e hastes), nos frutos e nas raízes. Calcularam-se a taxa máxima de acúmulo diário e os períodos de máxima exigência nutricional, além da extração e da exportação. O acúmulo de nutrientes no final do ciclo, aos 450 dias após a semeadura, foi em g planta-1: N (178,5) > K (162,4) > Ca (70,8) > Mg (14,8) > S (13,3) > P (11,0) e em mg planta-1: Fe (827,6) > Mn (130,7) > Zn (69,8) > B (56,7) > Cu (17,8).<br/><br/><br/><br/>Termos para indexação: Passiflora edulis, cultivo anual, fenologia, muda avançada, nutrição mineral, sustentabilidade. |
| 650 ## - ASSUNTO - THESAGRO | |
| Cabeçalho tópico ou nome geográfico | MARACUJÁ |
| 650 ## - ASSUNTO - THESAGRO | |
| Cabeçalho tópico ou nome geográfico | MUDA |
| 650 ## - ASSUNTO - THESAGRO | |
| Cabeçalho tópico ou nome geográfico | CRESCIMENTO |
| 650 ## - ASSUNTO - THESAGRO | |
| Cabeçalho tópico ou nome geográfico | NUTRIENTE MINERAL |
| 650 ## - ASSUNTO - THESAGRO | |
| Cabeçalho tópico ou nome geográfico | FENOLOGIA |
| 650 ## - ASSUNTO - THESAGRO | |
| Cabeçalho tópico ou nome geográfico | ABSORÇÃO DE NUTRIENTES |
| 650 ## - ASSUNTO - THESAGRO | |
| Cabeçalho tópico ou nome geográfico | CULTIVO ANUAL |
| 650 ## - ASSUNTO - THESAGRO | |
| Cabeçalho tópico ou nome geográfico | SUSTENTABILIDADE |
| 773 0# - ENTRADA ANALÍTICA | |
| Host Biblionumber | 805 |
| Registro do item | 317034 |
| Imprenta | Jaboticabal-SP Sociedade Brasileira de Fruticultura 1978 |
| Outro identificador | 2024-3596 |
| Título | Revista Brasileira de Fruticultura (Brazil) |
| ISSN | 0100-2945 |
| Colação | v. 40(3) p. 1-10; (2018) |
| Número de controle de registro | BR2025004324 |
| 856 ## - ACESSO E ENDEREÇO ELETRÔNICO | |
| Identificador uniforme de recurso - URI | https://www.scielo.br/j/rbf/a/BSNVTvCPP8HHFFPRPwmNfym/?format=pdf&lang=en |
Nenhum exemplar disponível.

BINAGRI